000 00299nam a2200109Ia 4500
008 200302s9999 xx 000 0 und d
100 _aDurga Das Basu
245 _a Introduction to the Constitution of India 19th Ed.
260 _bLexis Nexis Butterworths Wadhwa
260 _c2008
300 _a499 P.,
999 _c2521
_d2521